How to prepare for quantitative aptitude for the CAT / (Record no. 158228)

MARC details
000 -LEADER
fixed length control field 00690nam a22002177a 4500
005 - DATE AND TIME OF LATEST TRANSACTION
control field 20181022151702.0
010 ## - LCCN (DPL NO)
LC control number B-710618
020 ## - INTERNATIONAL STANDARD BOOK NUMBER
International Standard Book Number 9780070619937
035 ## - SYSTEM CONTROL NUMBER
System control number B-710618
037 ## - SOURCE OF ACQUISITION
Source of stock number/acquisition Tata Mc Graw Hill Education
082 ## - DEWEY DECIMAL CLASSIFICATION NUMBER
Classification number 000
100 ## - MAIN ENTRY--PERSONAL NAME
Personal name Sharma, Arun
245 ## - TITLE STATEMENT
Title How to prepare for quantitative aptitude for the CAT /
Statement of responsibility, etc by Arun Kumar
250 ## - EDITION STATEMENT
Edition statement 2nd ed.
260 ## - PUBLICATION, DISTRIBUTION, ETC. (IMPRINT)
Place of publication, distribution, etc New Delhi
Name of publisher, distributor, etc Tata Mc Graw Hill
Date of publication, distribution, etc 2008
270 ## - ADDRESS
Address 7 West Patel Nagar
City New Delhi
Postal code 110008
300 ## - PHYSICAL DESCRIPTION
Extent xxi, 523p.
Other physical details ill.
Dimensions 28cm (pbk)
650 ## - SUBJECT ADDED ENTRY--TOPICAL TERM
Topical term or geographic name as entry element Complete Exam, CAT
942 ## - ADDED ENTRY ELEMENTS (KOHA)
Source of classification or shelving scheme Dewey Decimal Classification
Item type English Books
Classification part 000
Call number suffix SHA
Holdings
Withdrawn status Lost status Not for loan Collection code Home library Current library Date acquired Source of acquisition Full call number Barcode Copy number Koha item type
      Non-fiction Ashok Vihar Ashok Vihar 22/10/2018 Gift/16-10-2018 000 SHA B-710618 1 English Books

© Delhi Public Library
Hit Counter
free hit counter